Economic development in the Third World (Record no. 40805)

MARC details
000 -LEADER
fixed length control field 00632nam a2200181 a 4500
008 - FIXED-LENGTH DATA ELEMENTS--GENERAL INFORMATION
fixed length control field 120416s1989 ||||||||||||||||| || u
020 ## - INTERNATIONAL STANDARD BOOK NUMBER
International Standard Book Number 0582044405
050 ## - LIBRARY OF CONGRESS CALL NUMBER
Classification number HD 82 Tod
100 ## - MAIN ENTRY--PERSONAL NAME
Personal name Todaro, Michael P
245 10 - TITLE STATEMENT
Title Economic development in the Third World
250 ## - EDITION STATEMENT
Edition statement 4th. ed.
260 ## - PUBLICATION, DISTRIBUTION, ETC.
Place of publication, distribution, etc. New York
Name of publisher, distributor, etc. Longman
Date of publication, distribution, etc. 1989
300 ## - PHYSICAL DESCRIPTION
Extent xxxvii, 696p. : ill
350 ## - PRICE (NR) (BK AM CF MU VM SE) [OBSOLETE]
Price 0.00
650 #0 - SUBJECT ADDED ENTRY--TOPICAL TERM
Topical term or geographic name entry element ECONOMICS
650 #0 - SUBJECT ADDED ENTRY--TOPICAL TERM
Topical term or geographic name entry element ECONOMIC DEVELOPMENT--AFRICA, SUB-SAHARAN
995 ## - RECOMMENDATION 995 [LOCAL, UNIMARC FRANCE]
-- 0.00
-- CBU-MAIN LIBRARY (Kitwe)
-- 1
-- 19.99
-- 1
-- AVAILABLE
-- Apr 24, 2006
-- Main Library Open Access Collection
Holdings
Withdrawn status Lost status Source of classification or shelving scheme Damaged status Not for loan Home library Current library Shelving location Date acquired Total Checkouts Full call number Barcode Date last seen Price effective from Koha item type
          CBU-MAIN LIBRARY, KITWE. CBU-MAIN LIBRARY, KITWE.   11/30/2022   HD 82 Tod 004691 11/30/2022 11/30/2022 MONOGRAPH